Spiritual ignorance causeth men to counter-act their doctrinal knowledge : A discourse from Acts xiii. 27. /

Bibliographic Details
Main Author: Backus, Isaac, 1724-1806
Other Authors: Wallin, Benjamin, 1711-1782
Format: eBook
Language:English
Series:Early American imprints. Evans (1639-1800) ; no. 9330.
Subjects:
Online Access:Evans Digital Edition

MARC

Tag First Indicator Second Indicator Subfields
LEADER 00000cam a2200000 a 4500
001 in00002131237
006 m e d #
007 cr mn mmmmabba
008 830302s1763 riu s 000 0 eng d
005 20260331152102.1
035 |z t057709 
035 |z w029483 
035 |a MAAR8303021854B 
035 |9 mwa91-17585 
035 |a 314217 
035 |a aas03029483 
040 |a MWA  |c MWA  |e bdrb  |d UtOrBLW 
100 1 |a Backus, Isaac,  |d 1724-1806. 
245 1 0 |a Spiritual ignorance causeth men to counter-act their doctrinal knowledge :  |b A discourse from Acts xiii. 27. /  |c By Isaac Backus, Pastor of a church of Christ, in Middleborough. ; [Two lines from Titus]. 
264 3 |a Providence, in New-England :  |b Printed and sold by William Goddard, at the Sign of Shakespear's Head,  |c M.DCC.LXIII. [1763] 
300 |a 29 pages, 3 unnumbered pages ;  |c 20 cm. (octavo) 
336 |a text  |b txt  |2 rdacontent 
337 |a computer  |b c  |2 rdamedia 
338 |a online resource  |b cr  |2 rdacarrier 
500 |a "To fill a vacant page, here is inserted a hymn, from Mr. Wallin's Evangelical hymns, just re-printed in Boston."--pages [30-31]. 
510 4 |a Evans  |c 9330 
510 4 |a Alden, J.E. Rhode Island,  |c 271 
530 |a Microform version available in the Readex Early American Imprints series. 
533 |a Electronic text and image data.  |b [Chester, Vt. :  |c Readex, a division of Newsbank, Inc.,  |d 2002-2004.  |e Includes files in TIFF, GIF and PDF formats with inclusion of keyword searchable text.  |f (Early American imprints. First series ; no. 9330). 
500 |a Electronic resource. 
650 0 |a Holy Spirit. 
655 7 |a Sermons  |y 1763.  |2 rbgenr 
655 7 |a Hymns.  |2 rbgenr 
700 1 |a Wallin, Benjamin,  |d 1711-1782. 
752 |a United States  |b Rhode Island  |d Providence. 
830 0 |a Early American imprints.  |n Series I,  |p Evans (1639-1800) ;  |v no. 9330. 
856 4 1 |u http://proxy.library.tamu.edu/login?url=https://opac.newsbank.com/select/evans/9330  |y Evans Digital Edition  |t 0 
999 |a MARS 
999 f f |s 82845994-67fa-3a63-b0b8-daee8b14fbde  |i 91bcb7b5-f982-3fcf-a6f1-4de5d6f595b7  |t 0 
952 f f |a Texas A&M University  |b College Station  |c Electronic Resources  |s www_evans  |d Available Online  |t 0  |h No information provided 
998 f f |t 0  |l Available Online